[Event "Hillerod op"]
[Site "Hillerod"]
[Date "2015.10.02"]
[Round "5"]
[White "Jensen, Torben Brieghel"]
[Black "Foss, Kim"]
[Result "0-1"]
[WhiteElo "1552"]
[BlackElo "1702"]
[PlyCount "140"]
[EventDate "2015.09.08"]
[EventType "swiss"]
[EventRounds "7"]
[EventCountry "DEN"]
[SourceTitle "EXT 2024"]
[Source "ChessBase"]
[SourceDate "2023.10.10"]
[SourceVersion "1"]
[SourceVersionDate "2023.10.10"]
[SourceQuality "1"]

1. e4 d5 2. exd5 Nf6 3. d4 Nxd5 4. Nf3 Bg4 5. Be2 e6 6. h3 Bxf3 7. Bxf3 c6 8. 0-0 Be7 9. c4 Nb6 10. Qd3 N8d7 11. Rd1 Nf6 12. Nc3 0-0 13. d5 exd5 14. cxd5 cxd5 15. b3 Re8 16. Bb2 Rc8 17. Nxd5 Nbxd5 18. Qb5 Qb6 19. Qxb6 Nxb6 20. Bxb7 Rc2 21. Rab1 h6 22. a4 Rb8 23. Bf3 Rd8 24. Rxd8+ Bxd8 25. Bd4 Rd2 26. Be3 Rd7 27. a5 Nc8 28. b4 Nd6 29. a6 Nde4 30. b5 Nc3 31. Rb3 Ncd5 32. Bd2 Bb6 33. Rb2 Rc7 34. g4 Bd4 35. Rb3 Bc3 36. g5 Bxd2 37. gxf6 Nxf6 38. Be2 Ba5 39. Rd3 Bb6 40. Rd8+ Kh7 41. Bd3+ g6 42. Kg2 Rd7 43. Rxd7 Nxd7 44. h4 Ne5 45. Be2 f5 46. f4 Ng4 47. Kg3 Nf6 48. Kf3 Nd5 49. Bd3 Bc7 50. Bc4 Nb6 51. Bb3 Nd7 52. Ke3 Bb6+ 53. Kd2 Nf6 54. Ke2 Ne4 55. Be6 Kg7 56. Bd7 Kf6 57. Kf3 Nd6 58. Ke2 g5 59. fxg5+ hxg5 60. hxg5+ Kxg5 61. Kf3 f4 62. Bc6 Nc4 63. Ke2 Kg4 64. Bd5 Ne5 65. Kf1 f3 66. Be4 Kg3 67. Bd5 f2 68. Ke2 Ng4 69. Be4 Nh2 70. Kd1 f1Q+ 0-1

[Event "Hillerod op"]
[Site "Hillerod"]
[Date "2015.09.26"]
[Round "4"]
[White "Hein, Jacob"]
[Black "Jensen, Torben Brieghel"]
[Result "0-1"]
[WhiteElo "1415"]
[BlackElo "1552"]
[PlyCount "50"]
[EventDate "2015.09.08"]
[EventType "swiss"]
[EventRounds "7"]
[EventCountry "DEN"]
[SourceTitle "EXT 2024"]
[Source "ChessBase"]
[SourceDate "2023.10.10"]
[SourceVersion "1"]
[SourceVersionDate "2023.10.10"]
[SourceQuality "1"]

1. d4 Nf6 2. c4 g6 3. Nc3 Bg7 4. e4 d6 5. Be3 0-0 6. f3 c5 7. dxc5 dxc5 8. Qxd8 Rxd8 9. Bxc5 Nc6 10. Nge2 b6 11. Ba3 e6 12. Nb5 Ne5 13. Ned4 a6 14. Nd6 Bd7 15. Be2 Nh5 16. g3 Nxc4 17. Nxf7 Kxf7 18. Rd1 Ne3 19. Rd3 Bxd4 20. Bd6 Bb5 21. Rxe3 Bxe3 22. Bxb5 Rxd6 23. Bc4 b5 24. e5 Rd2 25. Be2 Rxb2 0-1

[Event "Hillerod op"]
[Site "Hillerod"]
[Date "2015.09.20"]
[Round "3"]
[White "Jensen, Torben Brieghel"]
[Black "Nielsen, Kai Gylling"]
[Result "0-1"]
[WhiteElo "1552"]
[BlackElo "1755"]
[PlyCount "88"]
[EventDate "2015.09.08"]
[EventType "swiss"]
[EventRounds "7"]
[EventCountry "DEN"]
[SourceTitle "EXT 2024"]
[Source "ChessBase"]
[SourceDate "2023.10.10"]
[SourceVersion "1"]
[SourceVersionDate "2023.10.10"]
[SourceQuality "1"]

1. e4 e5 2. Nf3 Nc6 3. Bc4 h6 4. 0-0 Nf6 5. Re1 d6 6. h3 Be7 7. c3 0-0 8. d4 exd4 9. Nxd4 Ne5 10. Bd3 c5 11. Nf3 Be6 12. Bf4 Nxd3 13. Qxd3 Qb6 14. Qc2 d5 15. Nbd2 dxe4 16. Ne5 Rfd8 17. Ndc4 Qa6 18. Nd2 b5 19. Nxe4 Bf5 20. Nxf6+ Qxf6 21. Qc1 Rac8 22. Qe3 Bf8 23. g4 Be6 24. g5 Qf5 25. gxh6 gxh6 26. Qg3+ Kh7 27. Kh2 Be7 28. Qe3 Bg5 29. Bxg5 hxg5 30. Rg1 f6 31. Ng4 Kg7 32. Rae1 Rd6 33. Rg3 Rh8 34. Qe2 c4 35. Qe4 Qxe4 36. Rxe4 f5 37. Re5 fxg4 38. Rxg5+ Kf6 39. Rxb5 Rd2 40. Kg2 Bd5+ 41. Kf1 Bf3 42. Rxf3+ gxf3 43. Ke1 Re2+ 44. Kd1 Rxh3 0-1

[Event "Hillerod op"]
[Site "Hillerod"]
[Date "2015.09.08"]
[Round "1"]
[White "Oland, Arne"]
[Black "Jensen, Torben Brieghel"]
[Result "1-0"]
[WhiteElo "1950"]
[BlackElo "1552"]
[PlyCount "81"]
[EventDate "2015.09.08"]
[EventType "swiss"]
[EventRounds "7"]
[EventCountry "DEN"]
[SourceTitle "EXT 2024"]
[Source "ChessBase"]
[SourceDate "2023.10.10"]
[SourceVersion "1"]
[SourceVersionDate "2023.10.10"]
[SourceQuality "1"]

1. d4 Nf6 2. c4 g6 3. Nc3 Bg7 4. e4 d6 5. h3 0-0 6. Be3 c5 7. d5 Nbd7 8. Be2 Nb6 9. Nf3 a6 10. 0-0 e5 11. Qd2 Ne8 12. a4 f5 13. Bg5 Nf6 14. a5 Nbd7 15. exf5 gxf5 16. Nh4 f4 17. Nf5 Qc7 18. Bd3 Re8 19. Rfe1 Nf8 20. g4 Bxf5 21. Bxf5 h6 22. Bh4 N8h7 23. Be6+ Kh8 24. Qd3 e4 25. Nxe4 Nxe4 26. Qxe4 Bxb2 27. Rab1 Be5 28. Qg6 Qg7 29. Qxg7+ Kxg7 30. Rxb7+ Kh8 31. Kg2 Ng5 32. Bxg5 hxg5 33. Kf3 Bc3 34. Rh1 Reb8 35. Rhb1 Rxb7 36. Rxb7 Bxa5 37. Ke4 Be1 38. Kf5 a5 39. Kg6 Rg8+ 40. Bxg8 Kxg8 41. Rb8# 1-0

[Event "Nordea Cup-E"]
[Site "Hillerod"]
[Date "2013.05.07"]
[Round "2"]
[White "Larsen, Daniel"]
[Black "Jensen, Torben Brieghel"]
[Result "1-0"]
[WhiteElo "1189"]
[BlackElo "1370"]
[PlyCount "75"]
[EventDate "2013.04.30"]
[EventType "swiss"]
[EventRounds "7"]
[EventCountry "DEN"]
[SourceTitle "EXT 2023"]
[Source "ChessBase"]
[SourceDate "2022.10.05"]
[SourceVersion "1"]
[SourceVersionDate "2022.10.05"]
[SourceQuality "1"]

1. d4 Nf6 2. c4 g6 3. Nc3 Bg7 4. e3 0-0 5. Nf3 d6 6. Bd3 Nbd7 7. Qc2 c5 8. 0-0 cxd4 9. exd4 Nh5 10. h3 f5 11. Re1 e5 12. dxe5 dxe5 13. b4 e4 14. Bxe4 fxe4 15. Ng5 Re8 16. Rxe4 Ndf6 17. Qb3 Kf8 18. c5 Re7 19. g4 h6 20. Ne6+ Bxe6 21. Rxe6 Ne4 22. Rxe4 Rxe4 23. Nxe4 Bxa1 24. Bxh6+ Ke7 25. gxh5 Qg8 26. Bg5+ Kd7 27. Qd1+ Kc6 28. Qxa1 gxh5 29. Qf6+ Kb5 30. Nc3+ Kc4 31. Kf1 Kxb4 32. Qd4+ Qc4+ 33. Qxc4+ Kxc4 34. Ne4 Kb5 35. f4 Rf8 36. c6 Rb8 37. c7 Rc8 38. Bd8 1-0

[Event "Nordea Cup-E"]
[Site "Hillerod"]
[Date "2013.04.30"]
[Round "1"]
[White "Jensen, Torben Brieghel"]
[Black "Feldung, Arne"]
[Result "1-0"]
[WhiteElo "1370"]
[BlackElo "1110"]
[PlyCount "102"]
[EventDate "2013.04.30"]
[EventType "swiss"]
[EventRounds "7"]
[EventCountry "DEN"]
[SourceTitle "EXT 2023"]
[Source "ChessBase"]
[SourceDate "2022.10.05"]
[SourceVersion "1"]
[SourceVersionDate "2022.10.05"]
[SourceQuality "1"]

1. e4 c6 2. d4 d5 3. Nc3 dxe4 4. Nxe4 Bf5 5. Ng3 Bg6 6. h4 h6 7. Nf3 Nd7 8. h5 Bh7 9. Bd3 Bxd3 10. Qxd3 e6 11. Bd2 Ngf6 12. 0-0-0 Nd5 13. Ne5 Nxe5 14. dxe5 Nb4 15. Qxd8+ Rxd8 16. Kb1 Bc5 17. Ne4 Na6 18. a3 0-0 19. g4 Rd5 20. b4 Rxe5 21. Nxc5 Nxc5 22. bxc5 Rxc5 23. Bb4 Rc4 24. Bxf8 Kxf8 25. f3 Rc3 26. Rd3 Rxd3 27. cxd3 Ke7 28. d4 Kd6 29. Kc2 Kd5 30. Kc3 b5 31. Rd1 a5 32. Kb3 a4+ 33. Kb4 f6 34. Kc3 Kd6 35. Kb4 Kd5 36. Rc1 Kd6 37. Rc5 e5 38. dxe5+ fxe5 39. Rc1 Kd5 40. Rd1+ Ke6 41. Kc5 Kf6 42. Rd6+ Kg5 43. Kxc6 b4 44. axb4 a3 45. Rd3 a2 46. Ra3 Kf4 47. b5 a1Q 48. Rxa1 Kxf3 49. b6 e4 50. b7 Kxg4 51. b8Q Kxh5 1-0

[Event "Hillerod op"]
[Site "Hillerod"]
[Date "2012.10.09"]
[Round "6"]
[White "Jensen, Torben Brieghel"]
[Black "Nygaard, Soren"]
[Result "0-1"]
[WhiteElo "1344"]
[BlackElo "1603"]
[PlyCount "38"]
[EventDate "2012.09.04"]
[EventType "swiss"]
[EventRounds "7"]
[EventCountry "DEN"]
[SourceTitle "EXT 2023"]
[Source "ChessBase"]
[SourceDate "2022.10.05"]
[SourceVersion "1"]
[SourceVersionDate "2022.10.05"]
[SourceQuality "1"]

1. e4 c5 2. Nf3 Nc6 3. d4 cxd4 4. Nxd4 Nf6 5. Nc3 e5 6. Ndb5 d6 7. Be3 a6 8. Na3 b5 9. Naxb5 axb5 10. Bxb5 Bd7 11. f3 Be7 12. 0-0 0-0 13. a3 Rb8 14. b4 Qc7 15. Qd3 Rfd8 16. Nd5 Nxd5 17. exd5 Nxb4 18. Qc4 Qxc4 19. Bxc4 Nxc2 0-1

[Event "Hillerod op"]
[Site "Hillerod"]
[Date "2012.09.04"]
[Round "1"]
[White "Jensen, Torben Brieghel"]
[Black "Christophersen, David"]
[Result "1-0"]
[WhiteElo "1344"]
[BlackElo "1752"]
[PlyCount "85"]
[EventDate "2012.09.04"]
[EventType "swiss"]
[EventRounds "7"]
[EventCountry "DEN"]
[SourceTitle "EXT 2023"]
[Source "ChessBase"]
[SourceDate "2022.10.05"]
[SourceVersion "1"]
[SourceVersionDate "2022.10.05"]
[SourceQuality "1"]

1. e4 d6 2. d4 Nf6 3. Nc3 g6 4. Nf3 Bg7 5. Be2 c5 6. 0-0 cxd4 7. Nxd4 0-0 8. Rb1 Bd7 9. Be3 Nc6 10. f4 e5 11. Ndb5 exf4 12. Rxf4 Bh6 13. Rf3 Bxe3+ 14. Rxe3 Qb6 15. Qd2 Ng4 16. Bxg4 Bxg4 17. Kh1 Rad8 18. Rd3 a6 19. Nxd6 Ne5 20. Rd4 Nf3 21. gxf3 Bxf3+ 22. Kg1 Rxd6 23. Nd5 Qa7 24. Kf1 Re6 25. Re1 Qb8 26. Qf2 f5 27. Qh4 Bxe4 28. Ne7+ Kg7 29. Rd7 Rf7 30. Qg5 Qxh2 31. Re2 Qh1+ 32. Kf2 Qf3+ 33. Ke1 Qh1+ 34. Kd2 Qh6 35. Nxf5+ Kh8 36. Qxh6 Rxd7+ 37. Ke1 Rf7 38. Ng3 Bd5 39. Rxe6 Bxe6 40. b3 Rf3 41. Ne4 Rh3 42. Qf8+ Bg8 43. Nf6 1-0

[Event "Politiken Cup 34th"]
[Site "Helsingor"]
[Date "2012.08.05"]
[Round "10"]
[White "Jensen, Torben Brieghel"]
[Black "Pedersen, Carl Aage"]
[Result "0-1"]
[WhiteElo "1514"]
[BlackElo "1739"]
[PlyCount "26"]
[EventDate "2012.07.28"]
[EventType "swiss"]
[EventRounds "10"]
[EventCountry "DEN"]
[SourceTitle "CBM 149 Extra"]
[Source "ChessBase"]
[SourceDate "2012.08.24"]
[SourceVersion "1"]
[SourceVersionDate "2012.08.24"]
[SourceQuality "1"]

1. e4 c5 2. Nf3 d6 3. d4 cxd4 4. Nxd4 Nf6 5. Nc3 g6 6. f4 Nc6 7. Nf3 Bg7 8. Bc4 0-0 9. 0-0 a6 10. e5 Qb6+ 11. Kh1 Ng4 12. Qe2 dxe5 13. h3 Nh6 0-1

[Event "Politiken Cup 34th"]
[Site "Helsingor"]
[Date "2012.08.03"]
[Round "8"]
[White "Hagen, Thorolf"]
[Black "Jensen, Torben Brieghel"]
[Result "1-0"]
[WhiteElo "1641"]
[BlackElo "1514"]
[PlyCount "57"]
[EventDate "2012.07.28"]
[EventType "swiss"]
[EventRounds "10"]
[EventCountry "DEN"]
[SourceTitle "CBM 149 Extra"]
[Source "ChessBase"]
[SourceDate "2012.08.24"]
[SourceVersion "1"]
[SourceVersionDate "2012.08.24"]
[SourceQuality "1"]

1. e4 e6 2. Nf3 c5 3. d4 cxd4 4. Nxd4 Nc6 5. Nxc6 bxc6 6. Bd3 d5 7. 0-0 Bd6 8. exd5 cxd5 9. Nc3 Ne7 10. Bg5 a6 11. Re1 Qc7 12. h3 Bb7 13. Qg4 h5 14. Qe2 Ng6 15. Bxg6 e5 16. Bxh5 d4 17. Ne4 Bxe4 18. Qxe4 0-0 19. Qd3 Qc5 20. a3 e4 21. Qxe4 Qxg5 22. Bf3 Rad8 23. Rad1 Qf6 24. Be2 Rfe8 25. Qf3 Qe5 26. g3 d3 27. Bxd3 Qxb2 28. Rxe8+ Rxe8 29. Bc4 1-0

[Event "Politiken Cup 34th"]
[Site "Helsingor"]
[Date "2012.07.31"]
[Round "5"]
[White "Jensen, Torben Brieghel"]
[Black "Hansen, Tommy"]
[Result "0-1"]
[WhiteElo "1514"]
[BlackElo "1856"]
[PlyCount "40"]
[EventDate "2012.07.28"]
[EventType "swiss"]
[EventRounds "10"]
[EventCountry "DEN"]
[SourceTitle "CBM 149 Extra"]
[Source "ChessBase"]
[SourceDate "2012.08.24"]
[SourceVersion "1"]
[SourceVersionDate "2012.08.24"]
[SourceQuality "1"]

1. e4 Nf6 2. e5 Nd5 3. d4 d6 4. c4 Nb6 5. exd6 cxd6 6. Nc3 g6 7. Bd3 Bg7 8. Nge2 Nc6 9. Be3 0-0 10. b3 e5 11. Bc2 Qe7 12. 0-0 f5 13. dxe5 dxe5 14. f4 Rd8 15. Qe1 Nb4 16. Rc1 e4 17. Qf2 Nd3 18. Bxd3 exd3 19. Nd4 Qxe3 20. Qxe3 Bxd4 0-1

[Event "Politiken Cup 33rd"]
[Site "Helsingor"]
[Date "2011.08.06"]
[Round "9"]
[White "Christiansen, Niels Jorgen"]
[Black "Jensen, Torben Brieghel"]
[Result "1-0"]
[WhiteElo "1768"]
[BlackElo "1098"]
[PlyCount "49"]
[EventDate "2011.07.30"]
[EventType "swiss"]
[EventRounds "10"]
[EventCountry "DEN"]
[SourceTitle "CBM 143 Extra"]
[Source "ChessBase"]
[SourceDate "2011.08.29"]
[SourceVersion "1"]
[SourceVersionDate "2011.08.29"]
[SourceQuality "1"]

1. d4 Nf6 2. c4 g6 3. Nc3 Bg7 4. e4 d6 5. Be3 0-0 6. Be2 Nbd7 7. Nf3 e5 8. Qd2 b6 9. d5 Ba6 10. 0-0 Nc5 11. Qc2 Ne8 12. b4 Nd7 13. a3 f5 14. Ng5 Qc8 15. Ne6 Rf7 16. exf5 gxf5 17. Bh5 Re7 18. Qxf5 Nef6 19. Bg5 c6 20. Ne4 Nxh5 21. Bxe7 cxd5 22. Nxd6 Qc6 23. Qxh5 dxc4 24. Qf7+ Kh8 25. Qxg7# 1-0

[Event "Politiken Cup 33rd"]
[Site "Helsingor"]
[Date "2011.08.02"]
[Round "5"]
[White "Larsen, Hans Haagen"]
[Black "Jensen, Torben Brieghel"]
[Result "1-0"]
[WhiteElo "1732"]
[BlackElo "1098"]
[PlyCount "79"]
[EventDate "2011.07.30"]
[EventType "swiss"]
[EventRounds "10"]
[EventCountry "DEN"]
[SourceTitle "CBM 143 Extra"]
[Source "ChessBase"]
[SourceDate "2011.08.29"]
[SourceVersion "1"]
[SourceVersionDate "2011.08.29"]
[SourceQuality "1"]

1. e4 e6 2. d4 d5 3. e5 c5 4. c3 Nc6 5. Nf3 Qb6 6. Bd3 cxd4 7. cxd4 Bd7 8. Be3 Qxb2 9. Nbd2 Nb4 10. Nb3 Qc3+ 11. Ke2 Qxd3+ 12. Qxd3 Nxd3 13. Kxd3 Bb5+ 14. Kc2 Rc8+ 15. Kb2 Bb4 16. Rhc1 Ne7 17. a3 Bc3+ 18. Rxc3 Rxc3 19. Kxc3 0-0 20. a4 Ba6 21. Nc5 Rc8 22. Kb2 Bc4 23. a5 b6 24. axb6 axb6 25. Nb7 Rb8 26. Nd6 Nc6 27. Nd2 b5 28. Ra6 Nb4 29. Ra7 Nd3+ 30. Kb1 Rf8 31. Rb7 Ne1 32. Nxb5 Bd3+ 33. Kb2 Nxg2 34. Nd6 Nxe3 35. fxe3 f6 36. Kc3 Be2 37. Nb3 fxe5 38. dxe5 Rf3 39. Kd4 Rh3 40. Rb8# 1-0

[Event "Politiken Cup 33rd"]
[Site "Helsingor"]
[Date "2011.07.31"]
[Round "3"]
[White "Seirup, Simon"]
[Black "Jensen, Torben Brieghel"]
[Result "1-0"]
[WhiteElo "1694"]
[BlackElo "1098"]
[PlyCount "63"]
[EventDate "2011.07.30"]
[EventType "swiss"]
[EventRounds "10"]
[EventCountry "DEN"]
[SourceTitle "CBM 143 Extra"]
[Source "ChessBase"]
[SourceDate "2011.08.29"]
[SourceVersion "1"]
[SourceVersionDate "2011.08.29"]
[SourceQuality "1"]

1. d4 g6 2. c4 Bg7 3. Nc3 Nf6 4. e4 d6 5. Nf3 0-0 6. Be2 e5 7. 0-0 Nc6 8. d5 Ne7 9. b4 Ne8 10. c5 f5 11. Nd2 fxe4 12. Ndxe4 Nf6 13. Nxf6+ Bxf6 14. cxd6 cxd6 15. Ne4 Nf5 16. Bg4 Be7 17. Ng3 Nd4 18. a4 b6 19. Be3 Bxg4 20. Qxg4 Nc2 21. Qe6+ Rf7 22. Rab1 Nxe3 23. fxe3 Bf6 24. Ne4 Kg7 25. Nxd6 Rf8 26. Ne4 Qe7 27. Rxf6 Qxe6 28. Rxe6 Rae8 29. Rxe8 Rxe8 30. Rc1 Kh6 31. d6 Kg7 32. Rc7+ 1-0

[Event "Politiken Cup 33rd"]
[Site "Helsingor"]
[Date "2011.07.30"]
[Round "1"]
[White "Jensen, Torben Brieghel"]
[Black "Celander, Adam"]
[Result "0-1"]
[WhiteElo "1098"]
[BlackElo "2006"]
[PlyCount "118"]
[EventDate "2011.07.30"]
[EventType "swiss"]
[EventRounds "10"]
[EventCountry "DEN"]
[SourceTitle "CBM 143 Extra"]
[Source "ChessBase"]
[SourceDate "2011.08.29"]
[SourceVersion "1"]
[SourceVersionDate "2011.08.29"]
[SourceQuality "1"]

1. Nf3 Nf6 2. g3 g6 3. Bg2 Bg7 4. 0-0 0-0 5. d3 d6 6. e4 Nc6 7. Nbd2 e5 8. c3 Nd7 9. Nb3 a5 10. Be3 a4 11. Nbd2 f5 12. exf5 gxf5 13. Ng5 Nf6 14. b3 h6 15. Nh3 d5 16. Nf3 Ng4 17. d4 e4 18. Ne1 b6 19. Nc2 Ba6 20. Re1 Na5 21. Nb4 Bb7 22. f3 Nxe3 23. Rxe3 c5 24. dxc5 bxc5 25. Nc2 d4 26. Re1 d3 27. Nf4 dxc2 28. Qxc2 Qb6 29. fxe4 c4+ 30. Kh1 cxb3 31. Rab1 Rfe8 32. axb3 axb3 33. Qd3 Rad8 34. Nd5 Bxd5 35. exd5 Rxe1+ 36. Rxe1 Qf6 37. c4 Qc3 38. Qxc3 Bxc3 39. Rb1 Bd4 40. Bh3 Rf8 41. Bf1 Kg7 42. Be2 Kf6 43. Kg2 Ke5 44. Rf1 Be3 45. Bd3 f4 46. g4 Kd4 47. Rd1 Kc3 48. d6 Rd8 49. Bf5 Nxc4 50. d7 Ne5 51. h4 f3+ 52. Kf1 b2 53. Ke1 Bf4 54. Rd5 Kc4 55. Rd6 Kc5 56. Rd1 Bc1 57. Kf2 Kc4 58. Ke1 Nxg4 59. Kf1 Ne3+ 0-1